PhD. meetings and seminars recenzovaný zborník z vedeckej konferencie

Saved in:
Bibliographic Details
Corporate Author: PhD. Meetings and Seminars. Vedecká konferencia
Other Authors: Lyócsa, Štefan, 1982-, Výrost, Tomáš, 1978-, Lejková, Zuzana, Freňáková - Karchová, Magdaléna, 1981-
Format: Book
Language:Slovak
Published: Košice Podnikovohospodárska fakulta EU 2009
Subjects:
Tags: Add Tag
No Tags, Be the first to tag this record!

MARC

LEADER 00000nlm$a2200000$$$4500
001 0104539
005 20240502072139.3
020 |a 978-80-225-2755-2 
041 0 |a slo 
044 |a SK 
245 1 0 |a PhD. meetings and seminars  |b recenzovaný zborník z vedeckej konferencie  |c zostavovatelia zborníka: Štefan Lyócsa, Tomáš Výrost, Zuzana Lejková, Magdaléna Freňáková 
264 1 |a Košice  |b Podnikovohospodárska fakulta EU  |c 2009 
300 |a CD-ROM 
610 2 0 |a univerzity 
610 2 0 |a konferencie 
610 2 0 |a ekonómia 
610 2 0 |a hospodárstvo národné 
610 2 0 |a priemysel 
700 1 |a Lyócsa, Štefan, 1982- 
700 1 |a Výrost, Tomáš, 1978- 
700 1 |a Lejková, Zuzana 
700 1 |a Freňáková - Karchová, Magdaléna, 1981- 
700 1 |a Lyócsa, Štefan, 1982- 
700 1 |a Výrost, Tomáš, 1978- 
700 1 |a Lejková, Zuzana 
700 1 |a Freňáková - Karchová, Magdaléna, 1981- 
110 2 |a PhD. Meetings and Seminars. Vedecká konferencia